Gaming Quiz

Random Gaming or Pokémon Quiz

Pokemon Signature Moves [Gen 6] - French Quiz Stats

 Plays Quiz not verified by Sporcle

Score 0/85 Timer 20:00
0 Plays Today
French name Move name % Correct
OctilleryOctazooka
87.5%
Porygon / Porygon2 / Porygon-ZConversion - Adaptation
87.5%
Miaouss / PersianJackpot
75%
Porygon / Porygon2 / Porygon-ZConversion2 - Adaptation2
75%
CadoizoCadeau
75%
LugiaAéroblast
75%
Osselait / OssatueurOsmerang
75%
Pichu / Pikachu / RaichuElectacle
62.5%
Osselait / OssatueurMassd'os
62.5%
Lippouti / LippoutouGrobisou
62.5%
QueuloriorGribouille
62.5%
JirachiCarnareket
62.5%
DeoxysPsycho Boost
62.5%
ApireineAppel Défense
62.5%
PijakoBabil
62.5%
DialgaHurle-Temps
62.5%
PalkiaSpatio-Rift
62.5%
DarkraiTrou Noir
62.5%
ArceusJugement
62.5%
ApireineAppel Attak
62.5%
Kadabra / AlakazamTélékinésie
50%
Noeufnoeuf / NoadkokoPilonnage
50%
KickleeUltimawashi
50%
Leveinard / LeuphorieE-Coque
50%
KapoeraTriple-Pied
50%
LatiasBall'Brume
50%
LatiosLumi-Eclat
50%
HeatranVortex Magma
50%
GiratinaRevenant
50%
French name Move name % Correct
CresseliaDanse-Lune
50%
ShayminFulmigraine
50%
ReshiramFlamme Croix
50%
ZekromÉclair Croix
50%
Kyurem BlancFlamme Croix
50%
Kyurem NoirÉclair Croix
50%
AmphinobiSheauriken
50%
ExagideBouclier Royal
50%
KickleeMawashi Geri
50%
KapoeraMawashi Geri
50%
ApireineAppel Soins
50%
(Primo)-KyogreOnde Originelle
37.5%
RayquazaDraco Ascension
37.5%
RegigigasPresse
37.5%
VictiniIncendie
37.5%
Chinchidou / PashmillaPlumo-Queue
37.5%
PyraxDanse du Feu
37.5%
KeldeoLame Ointe
37.5%
BrutalibréFlying Press
37.5%
Pitrouille / BanshitrouyeHalloween
37.5%
YveltalMort-Ailes
37.5%
DiancieOrage Adamantin
37.5%
ReshiramFlamme Bleue
37.5%
AmphinobiTatamigaeshi
37.5%
MewtwoFrappe Psy
25%
Makuhita / HariyamaStimulant
25%
(Primo)-GroudonLame Pangéenne
25%
ManaphyPermucœur
25%
Gruikui / Grotichon / RoitiflamTacle Feu
25%
French name Move name % Correct
Tic / Clic / CliticlicLancécrou
25%
FrisonPeignée
25%
MeloettaChant Antique
25%
GenesectTechnoBuster
25%
BlindépiquePico-Défense
25%
GoupelinFeu Ensorcelé
25%
Hélionceau / NéméliosRâle Mâle
25%
Pandespiègle / PandarbareDernier Mot
25%
XerneasGéo-Contrôle
25%
ZygardeForce Chtonienne
25%
VolcanionJet de Vapeur
25%
Kyurem NoirÉclair Gelé
25%
Zorua / ZoroarkExplonuit
12.5%
FloetteLumière du Néant
12.5%
Sépiatop / SépiatroceRenversement
12.5%
Galvaran / IguoltaÉlectrisation
12.5%
TrousselinVerrou Enchanté
12.5%
HoopaTrouDimensionnel
12.5%
Hoopa DéchainéFurie Dimension
12.5%
Tic / Clic / CliticlicChangement Vitesse
12.5%
Kyurem BlancFeu Glacé
12.5%
TrousselinVigilance
12.5%
KyuremÈre Glaciaire
0%
PrismillonNuée de Poudre
0%
CocotineBrume Capiteuse
0%
Brocelôme / DesseliandeMaléfice Sylvain
0%
ZekromCharge Foudre
0%

You're not logged in!

Compare scores with friends on all Sporcle quizzes.
OR
Log In

Sporcle TV

Today on Sporcle TV


Watch our educational content, quiz creation guides, and fun videos on Sporcle TV.

Show Comments

Extras

Top Quizzes Today


Score Distribution

Your Account Isn't Verified!

In order to create a playlist on Sporcle, you need to verify the email address you used during registration. Go to your Sporcle Settings to finish the process.

Report this User

Report this user for behavior that violates our Community Guidelines.

Details: